Country Quiz: Qatar 🇶🇦 - Statistics

General Stats
  • This quiz has been taken 27 times
  • The average score is 12 of 21
Answer Stats
Hint Answer % Correct
Time zones 1 (UTC+3)
88%
Capital Doha
82%
Language Arabic
76%
Main Religion Islam
76%
Bordering Gulf Persian Gulf
76%
Bordering country Saudi Arabia
76%
Between 1916-1970s, this country ruled Qatar til its independence United Kingdom
76%
In 1939, this mineral fuel was discovered Oil
71%
Between 1871-1913, this empire ruled Qatar Ottoman Empire
71%
Nationality Qatari
71%
Independence 1971
65%
In 2022, Qatar was the sole host for this global event World Cup
65%
Climate Arid / Dry
53%
1/54 countries to use this controversial type of punishment Death Penalty
47%
State-Condition Monarchy (absolute / unitary)
47%
In 1996, the government established this international broadcasting news organisation Al-Jazeera
41%
Currency Rial
41%
Second-Largest City Lusail
24%
Most Famous Leader (2013-) Tamim bin Hamad al-Thani
24%
Main Economic Sector Tertiary / Service
24%
Founding Father Jassim Bin Mohammed Bin Thani
18%
No matching quizzes found
Score Distribution
Percent of People with Each Score
Percentile by Number Answered
Your Score History
You have not taken this quiz